| 000 | 00776nam a2200217 a 4500 | ||
|---|---|---|---|
| 001 | 13867 | ||
| 003 | BD-JhCC | ||
| 005 | 20240425134434.0 | ||
| 008 | 220216s 2012bg |||| |||| 000 0 ben d | ||
| 035 | _a(BD-JhCC)13867 | ||
| 040 |
_aBD-JhCC _dBD-JhCC |
||
| 041 | _abangali | ||
| 082 |
_a891.4415 _bBAN 2012 |
||
| 100 | _aবাংলাভাষী, মোহাম্মদ আসাদউল্লাহ্ | ||
| 245 |
_aকবিতা যখন দ্বন্দ্ব / _cমোহাম্মদ আসাদউল্লাহ্ বাংলাভাষী। |
||
| 260 |
_aঢাকা : _bরিদম পাবলিকেশন; _c2012. |
||
| 300 |
_a৩১ পৃ. : _c২১ সেমি. |
||
| 650 | _aBengali Poem. | ||
| 942 |
_2ddc _cBK _02 |
||
| 999 |
_c13867 _d13867 |
||